[Event "Vyatka Cup 7th"]
[Site "Kirov"]
[Date "2018.08.18"]
[Round "5"]
[White "Lobov, Aleksandr Dm"]
[Black "Suleimanov, Konstantin"]
[Result "0-1"]
[WhiteElo "1702"]
[BlackElo "1795"]
[PlyCount "102"]
[EventDate "2018.08.15"]
[EventType "tourn"]
[EventRounds "11"]
[EventCountry "RUS"]
[SourceTitle "CBM 187 Extra"]
[Source "ChessBase"]
[SourceDate "2018.11.04"]
[SourceVersion "1"]
[SourceVersionDate "2018.11.04"]
[SourceQuality "1"]

1. d4 Nf6 2. Nf3 d5 3. c4 e6 4. Nc3 c5 5. e3 cxd4 6. Nxd4 Be7 7. cxd5 exd5 8. Be2 0-0 9. 0-0 Nc6 10. Nxc6 bxc6 11. b3 Bd6 12. Bb2 Bc7 13. Bf3 Qd6 14. g3 Bh3 15. Bg2 Bxg2 16. Kxg2 h5 17. Rc1 Rfe8 18. Qc2 Rac8 19. Qd3 h4 20. Ne2 Qe6 21. Nd4 h3+ 22. Kg1 Qg4 23. Qf5 Qxf5 24. Nxf5 Be5 25. Bxe5 Rxe5 26. Nd4 c5 27. Nf3 Rf5 28. Nh4 Rh5 29. Rc2 Nd7 30. f4 Rh6 31. Rd1 Nb6 32. b4 Nc4 33. Rxd5 Nxe3 34. Rdxc5 Rxc5 35. Rxc5 Ra6 36. Ra5 Rd6 37. Nf3 Ng4 38. Kf1 Rd3 39. Ne5 Nxh2+ 40. Kg1 Rd2 41. Ra3 Rg2+ 42. Kh1 Nf1 43. Nc6 Nxg3+ 44. Rxg3 Rxg3 45. a4 Rf3 46. b5 Rxf4 47. a5 Ra4 48. a6 g5 49. Kh2 g4 50. Nxa7 Ra2+ 51. Kg3 h2 0-1

[Event "Vyatka Cup 7th"]
[Site "Kirov"]
[Date "2018.08.17"]
[Round "3"]
[White "Seidov, Georgij"]
[Black "Lobov, Aleksandr Dm"]
[Result "0-1"]
[WhiteElo "1756"]
[BlackElo "1702"]
[PlyCount "106"]
[EventDate "2018.08.15"]
[EventType "tourn"]
[EventRounds "11"]
[EventCountry "RUS"]
[SourceTitle "CBM 187 Extra"]
[Source "ChessBase"]
[SourceDate "2018.11.04"]
[SourceVersion "1"]
[SourceVersionDate "2018.11.04"]
[SourceQuality "1"]

1. d4 c5 2. e3 Nf6 3. c3 g6 4. Nf3 cxd4 5. exd4 Bg7 6. Bc4 0-0 7. Ne5 d6 8. Nf3 a6 9. 0-0 b5 10. Bb3 Bb7 11. Re1 Nbd7 12. Qe2 e6 13. Bg5 d5 14. Nbd2 Qc7 15. Rac1 Rac8 16. h3 Nb6 17. Ne5 Nc4 18. Ndf3 Ne4 19. Bf4 Qe7 20. Nxc4 dxc4 21. Bc2 Nf6 22. Bg5 Qc7 23. Ne5 Nd5 24. Bd2 Rfe8 25. Ng4 h5 26. Ne5 Bxe5 27. dxe5 Ne7 28. Bg5 Qc6 29. f3 Nf5 30. Kh2 Qc5 31. Rcd1 a5 32. g4 Ng7 33. Kg3 Bd5 34. Bf6 b4 35. Qd2 bxc3 36. Qh6 Qf8 37. bxc3 Nf5+ 38. gxf5 Qxh6 39. fxg6 fxg6 40. f4 Rf8 41. Bg5 h4+ 42. Kh2 Qh5 43. Re3 Rb8 44. Rd2 Rb2 45. Ree2 Qf3 46. Bxh4 Qh1+ 47. Kg3 Qg1+ 48. Rg2 Bxg2 49. Rxg2 Qxg2+ 50. Kxg2 Rxc2+ 51. Kf3 Rxa2 52. Ke4 a4 53. Kd4 Rxf4+ 0-1

[Event "Kirov Chudinovskikh Memorial 5th"]
[Site "Kirov"]
[Date "2018.08.06"]
[Round "6"]
[White "Bezdenezhnykh, Lev"]
[Black "Lobov, Aleksandr Dm"]
[Result "0-1"]
[WhiteElo "1622"]
[BlackElo "1702"]
[PlyCount "58"]
[EventDate "2018.07.29"]
[EventType "swiss"]
[EventRounds "10"]
[EventCountry "RUS"]
[SourceTitle "CBM 186 Extra"]
[Source "ChessBase"]
[SourceDate "2018.08.24"]
[SourceVersion "1"]
[SourceVersionDate "2018.08.24"]
[SourceQuality "1"]

1. Nf3 d5 2. b3 Nf6 3. Bb2 Bg4 4. e3 e6 5. d4 Be7 6. Be2 Nbd7 7. Nbd2 0-0 8. 0-0 h6 9. h3 Bf5 10. c4 c6 11. a3 Bh7 12. b4 a6 13. Nb3 Ne4 14. Rc1 f5 15. cxd5 exd5 16. Na5 Rb8 17. Bxa6 bxa6 18. Nxc6 Qe8 19. Nxb8 Qxb8 20. Qb3 Qb7 21. Rc2 Bd6 22. Rfc1 Nb6 23. Ne5 f4 24. Nd3 fxe3 25. fxe3 Nc4 26. Re2 Qc7 27. Ree1 Bh2+ 28. Kh1 Ng3+ 29. Kxh2 Nf1+ 0-1

[Event "Kirov Chudinovskikh Memorial 5th"]
[Site "Kirov"]
[Date "2018.08.05"]
[Round "5"]
[White "Shipitsyn, Pavel"]
[Black "Lobov, Aleksandr Dm"]
[Result "1-0"]
[WhiteElo "1940"]
[BlackElo "1702"]
[PlyCount "43"]
[EventDate "2018.07.29"]
[EventType "swiss"]
[EventRounds "10"]
[EventCountry "RUS"]
[SourceTitle "CBM 186 Extra"]
[Source "ChessBase"]
[SourceDate "2018.08.24"]
[SourceVersion "1"]
[SourceVersionDate "2018.08.24"]
[SourceQuality "1"]

1. e4 c6 2. d4 d5 3. Nc3 dxe4 4. Nxe4 Nf6 5. Nxf6+ exf6 6. Bc4 Qe7+ 7. Qe2 Bg4 8. f3 Bh5 9. Bf4 Nd7 10. 0-0-0 Qxe2 11. Nxe2 0-0-0 12. h4 Nb6 13. Bb3 Bg6 14. h5 Bf5 15. Bxf7 Bd6 16. g4 Bxf4+ 17. Nxf4 Bd7 18. Rhe1 Rhf8 19. Re7 Kb8 20. Bb3 f5 21. g5 h6 22. g6 1-0

[Event "Kirov Chudinovskikh Memorial 5th"]
[Site "Kirov"]
[Date "2018.08.04"]
[Round "4"]
[White "Lobov, Aleksandr Dm"]
[Black "Rubtsov, Vladimir1111"]
[Result "1/2-1/2"]
[WhiteElo "1702"]
[BlackElo "1722"]
[PlyCount "93"]
[EventDate "2018.07.29"]
[EventType "swiss"]
[EventRounds "10"]
[EventCountry "RUS"]
[SourceTitle "CBM 186 Extra"]
[Source "ChessBase"]
[SourceDate "2018.08.24"]
[SourceVersion "1"]
[SourceVersionDate "2018.08.24"]
[SourceQuality "1"]

1. Nf3 d5 2. d4 Nf6 3. Bf4 c6 4. c3 Bf5 5. e3 e6 6. h3 Be7 7. Be2 Nbd7 8. Nbd2 0-0 9. 0-0 h6 10. Ne5 Re8 11. Qb3 Qb6 12. Bg3 c5 13. Nxd7 Nxd7 14. Bb5 Red8 15. Bxd7 Rxd7 16. Qxb6 axb6 17. a3 c4 18. Rfe1 Bd3 19. e4 Ra5 20. exd5 Rdxd5 21. Bc7 Rab5 22. Ra2 Bg5 23. f4 Bh4 24. Re5 Bg3 25. Nf1 Bh4 26. Rxd5 exd5 27. a4 Ra5 28. Bxb6 Ra6 29. a5 Ra8 30. Ne3 Re8 31. Nxd5 Bg3 32. Ra1 Re2 33. Nb4 Be4 34. d5 Rxg2+ 35. Kf1 Rxb2 36. d6 Bf5 37. Rd1 Bxh3+ 38. Kg1 Bd7 39. f5 h5 40. Rf1 h4 41. f6 Bh2+ 42. Kh1 Bxd6 43. Rd1 Bxb4 44. Rxd7 Bxc3 45. Rxb7 Bxa5 46. Rb8+ Kh7 47. fxg7 1/2-1/2

[Event "Kirov Chudinovskikh Memorial 5th"]
[Site "Kirov"]
[Date "2018.08.02"]
[Round "2"]
[White "Seidov, Georgij"]
[Black "Lobov, Aleksandr Dm"]
[Result "1-0"]
[WhiteElo "1756"]
[BlackElo "1702"]
[PlyCount "83"]
[EventDate "2018.07.29"]
[EventType "swiss"]
[EventRounds "10"]
[EventCountry "RUS"]
[SourceTitle "CBM 186 Extra"]
[Source "ChessBase"]
[SourceDate "2018.08.24"]
[SourceVersion "1"]
[SourceVersionDate "2018.08.24"]
[SourceQuality "1"]

1. d4 c5 2. d5 Nf6 3. c4 b5 4. cxb5 a6 5. bxa6 Bxa6 6. Nc3 g6 7. e4 Bxf1 8. Kxf1 d6 9. Qb3 Bg7 10. f4 Nbd7 11. Nf3 0-0 12. h3 Qa5 13. Bd2 Rfb8 14. Qc2 Qa6+ 15. Kf2 Nb6 16. b3 Nfd7 17. Rhd1 c4 18. Be3 Nc5 19. Bxc5 dxc5 20. e5 cxb3 21. axb3 Qxa1 22. Rxa1 Rxa1 23. Qb2 Rba8 24. Na4 c4 25. Qxa1 cxb3 26. Qa3 Nxa4 27. Qxb3 Nc5 28. Qc2 Ra5 29. Nd4 Bf8 30. Kg1 Nb7 31. Qc6 Nd8 32. Qc4 Ra8 33. Qb5 Bh6 34. Qe8+ Kg7 35. g3 Ra1+ 36. Kg2 Ra2+ 37. Kf3 Ra3+ 38. Ke4 Nb7 39. Qxe7 Ra7 40. Ne6+ Kg8 41. Qe8+ Bf8 42. Qxf8# 1-0